000 00548 a2200169 4500
020 _a0849325099
020 _a9780849325090
082 0 4 _a620.106
090 _c844
_d844
100 _aJohnson, Richard W.
245 1 0 _aHandbook of fluid dynamics /
_cRichard W. Johnson.
260 _a[S.l.] :
_bCRC Press,
_c1998.
300 _a1952 p. ;
_c27 cm.
700 1 _aJohnson, Richard W.
942 _aSNS
_cBK
_k620.106 JOH
999 _c62466
_d62466